[Event "Challenge"]
[Site "http://www.queenalice.com/game.php?id=463960"]
[Date "2008.9.16"]
[Round "-"]
[White "elefante266"]
[Black "mrcoelho"]
[Result "1-0"]
[WhiteElo "1720"]
[BlackElo "1898"]

1. e4 e5 2. Nf3 Nc6 3. Bb5 a6 4. Bxc6 dxc6 5. d3 h6 6. Be3 Nf6 7. h3 Bd6 8. Nc3
b5 9. a3 c5 10. Nd5 Nxd5 11. exd5 Bb7 12. c4 c6 13. dxc6 Bxc6 14. cxb5 Qa5+ 15.
Bd2 Qxb5 16. Qc2 Rb8 17. Bc3 Bxf3 18. gxf3 c4 19. O-O-O O-O 20. dxc4 Qc5 21. f4
exf4 22. Rhg1 Be5 23. b4 Qc7 24. Rd7 Qxd7 25. Bxe5 g5 26. Bxb8 Rxb8 27. h4 Qh3
28. hxg5 hxg5 29. Rxg5+ Kh8 30. Qb2+ 1-0

[Event "Challenge"]
[Site "http://www.queenalice.com/game.php?id=479537"]
[Date "2008.10.18"]
[Round "-"]
[White "codcam"]
[Black "elefante266"]
[Result "0-1"]
[WhiteElo "1100"]
[BlackElo "1743"]

1. e4 e5 2. Nf3 Nc6 3. Nc3 Bc5 4. Nb5 d6 5. Bc4 Qe7 6. c3 f6 7. Qb3 Bg4 8. Bxg8
Kd7 9. Bf7 a6 10. h3 Bxf3 11. gxf3 axb5 12. Bd5 Ra5 13. Rg1 g6 14. d4 exd4 15.
a4 dxc3 16. Qxc3 Rha8 17. b3 bxa4 18. Ke2 Nd4+ 19. Kd3 axb3 20. Rxa5 Rxa5 21.
Qxa5 Nxf3 22. Qa4+ c6 23. Rg3 Ne5+ 24. Kc3 Bxf2 25. Rg2 b5 26. Qa7+ Bxa7 27.
Bxb3 Nf3 28. Bd1 Qxe4 29. Bc2 Qc4+ 30. Kb2 Bd4+ 31. Kb1 Qb4+ 32. Ka2 Qc3 33. Rg3
Qa1+ 34. Kb3 Qa4# 0-1

[Event "Challenge"]
[Site "http://www.queenalice.com/game.php?id=486792"]
[Date "2008.11.2"]
[Round "-"]
[White "elefante266"]
[Black "codcam"]
[Result "0-1"]
[WhiteElo "1747"]
[BlackElo "1007"]

1. Nc3 c6 2. d4 d5 3. e4 g6 4. e5 Bf5 5. Bd3 e6 6. Bxf5 gxf5 7. Nf3 h6 8. a3 Na6
9. Bf4 c5 10. Na4 Qa5+ 11. Nc3 Rd8 12. O-O cxd4 13. Qxd4 Bc5 14. Qa4+ Qxa4 15.
Nxa4 Be7 16. b4 b5 17. c3 bxa4 18. Be3 Nc7 19. Bxa7 Nb5 20. Bb6 Nxc3 21. Bxd8
Bxd8 22. Kh1 h5 23. Rac1 Ne4 24. Rc8 Ne7 25. Ra8 O-O 26. Ng5 Nxg5 27. Rc1 Bb6
28. Rxa4 Ne4 29. h4 Nxf2+ 30. Kh2 Nd3 31. Rc3 Nf2 32. Ra6 Ng4+ 33. Kh3 Bd4 34.
Rf3 Bxe5 35. Ra7 Ng6 36. Re7 Nxe7 37. a4 Kh7 38. a5 Rg8 39. g3 Nc6 40. a6 Nxb4
41. a7 Ra8 42. Rb3 Nf2+ 43. Kg2 Nbd3 44. Kf3 Rxa7 45. Rb8 Bxb8 46. Ke3 f4+ 47.
Kd4 Ra4+ 48. Kc3 Be5+ 49. Kc2 Rc4+ 50. Kb3 fxg3 51. Ka3 g2 52. Kb3 g1=Q 53. Ka2
Qc1 54. Kb3 Qb2# 0-1

[Event "Challenge"]
[Site "http://www.queenalice.com/game.php?id=496191"]
[Date "2008.11.21"]
[Round "-"]
[White "codcam"]
[Black "elefante266"]
[Result "0-1"]
[WhiteElo "1050"]
[BlackElo "1749"]

1. e4 e5 2. Nf3 Nc6 3. c3 Bc5 4. d3 Nf6 5. Nbd2 d5 6. exd5 Nxd5 7. Ne4 Be7 8. c4
Bb4+ 9. Bd2 Bxd2+ 10. Qxd2 Nde7 11. Qc3 Ng6 12. g3 Bg4 13. Nfg5 h6 14. f3 hxg5
15. fxg4 b6 16. Bg2 Nd4 17. Rc1 Rc8 18. Rf1 Rxh2 19. Rg1 c5 20. Nxg5 Qxg5 21. b4
Qe3+ 22. Kd1 Qe2# 0-1

[Event "Challenge"]
[Site "http://www.queenalice.com/game.php?id=507944"]
[Date "2008.12.15"]
[Round "-"]
[White "elefante266"]
[Black "codcam"]
[Result "1-0"]
[WhiteElo "1751"]
[BlackElo "1148"]

1. e4 e5 2. Nf3 Qf6 3. d4 d6 4. Bb5+ c6 5. dxe5 Qg6 6. Bf1 dxe5 7. Nxe5 Qe6 8.
Bf4 Nf6 9. f3 Bb4+ 10. c3 Ba5 11. Bc4 Qe7 12. Nxf7 b5 13. Bd6 Qb7 14. Nxh8 bxc4
15. b4 Bb6 16. Nd2 a5 17. Nxc4 axb4 18. Nxb6 Qxb6 19. Bxb4 c5 20. Bxc5 Qxc5 21.
Qd4 Qf8 22. Rd1 Nc6 23. Qd6 Bb7 24. e5 Qxd6 25. exd6 Kf8 26. Rb1 Bc8 27. O-O Kg8
28. Rb6 Bd7 29. g4 Kxh8 30. g5 Nd5 31. Rb7 Bh3 32. Re1 h5 33. gxh6 gxh6 34. Re4
Nf6 35. Rh4 Rg8+ 36. Kh1 Bg2+ 37. Kg1 Bxf3+ 38. Kf2 Be4 39. Rxh6+ Nh7 40. Ke3
Re8 41. d7 Bf5+ 42. dxe8=Q# 1-0

[Event "Challenge"]
[Site "http://www.queenalice.com/game.php?id=526053"]
[Date "2009.1.20"]
[Round "-"]
[White "codcam"]
[Black "elefante266"]
[Result "0-1"]
[WhiteElo "1166"]
[BlackElo "1753"]

1. e4 e5 2. f3 d5 3. Bd3 d4 4. c4 c5 5. g3 Nc6 6. a3 Be6 7. g4 Qh4+ 8. Ke2 Nge7
9. Bc2 Bxc4+ 10. d3 Be6 11. Ba4 g6 12. Qb3 Bxb3 13. Bxb3 Bh6 14. Bxh6 Qxh6 15.
Ba4 Qc1 16. b4 Qb2+ 17. Kf1 Qxa1 18. Bc2 Qb2 19. Ba4 Qxb1+ 20. Kg2 cxb4 21. axb4
Qxb4 22. Bc2 Qd2+ 23. Kh3 Qxc2 24. Kg3 Qxd3 25. Kh4 Nf5+ 26. Kg5 Qe3+ 27. Kf6 h5
28. gxf5 gxf5 29. exf5 Qh6# 0-1

[Event "Challenge"]
[Site "http://www.queenalice.com/game.php?id=527084"]
[Date "2009.1.22"]
[Round "-"]
[White "Landoaldojr"]
[Black "elefante266"]
[Result "0-1"]
[WhiteElo "1600"]
[BlackElo "1757"]

1. e3 d5 2. Be2 e5 3. d4 e4 4. Bb5+ c6 5. Ba4 Qa5+ 6. Nc3 Bb4 7. Bb3 Bxc3+ 8.
bxc3 Nf6 9. Qd2 O-O 10. Ne2 Bg4 11. O-O Nbd7 12. Nf4 Nh5 13. Bb2 Nxf4 14. exf4
Nf6 15. Qe3 Rfe8 16. h3 Bd7 17. a4 Qc7 18. Bc1 a5 19. c4 dxc4 20. Bxc4 b5 21.
axb5 cxb5 22. Be2 Qxc2 23. Qd2 Qxd2 24. Bxd2 a4 25. Rfc1 Rac8 26. f3 Rxc1+ 27.
Bxc1 e3 28. Ra3 Nd5 29. g3 Bxh3 30. Kh2 Bd7 31. Ra2 Rc8 32. Ba3 b4 33. Bb2 Rc2
0-1

[Event "Challenge"]
[Site "http://www.queenalice.com/game.php?id=559318"]
[Date "2009.3.21"]
[Round "-"]
[White "codcam"]
[Black "elefante266"]
[Result "1/2-1/2"]
[WhiteElo "1259"]
[BlackElo "1779"]

1. e4 e5 2. Qf3 Nf6 3. Nc3 c6 4. Bc4 Qe7 5. d3 h6 6. Nh3 d6 7. b4 Bg4 8. Qe3 a5
9. b5 c5 10. Na4 Nbd7 11. f3 Be6 12. f4 exf4 13. Qxf4 Bxc4 14. dxc4 Qxe4+ 15.
Qxe4+ Nxe4 16. b6 Be7 17. Bf4 O-O 18. O-O-O Bg5 19. Rhf1 Bxf4+ 20. Nxf4 Ndf6 21.
g4 g5 22. Nh5 Nxh5 23. gxh5 Rae8 24. Nb2 f5 25. Rde1 f4 26. Nd3 Nc3 27. Kb2 Na4+
28. Kb3 Rxe1 29. Rxe1 Nxb6 30. Re6 f3 31. Nf2 Nc8 32. Rxh6 Rf7 33. Rg6+ Rg7 34.
Rf6 g4 35. Re6 Kf7 36. Re4 g3 37. hxg3 Rxg3 38. h6 Kg6 39. Re6+ Kh7 40. Kc3 Rg2
41. Nd3 Re2 42. Rf6 Nb6 43. Rxf3 Re7 44. Kb3 a4+ 45. Kc3 d5 46. Nxc5 Nxc4 47.
Nd3 Kxh6 48. Rf5 Ne3 49. Rf6+ Kg5 50. Rf4 Re4 51. Rf7 Rc4+ 52. Kd2 d4 53. Rg7+
Kf5 54. Ne1 Ke4 55. Re7+ Kd5 56. Kd3 Rc3+ 57. Kd2 Nf1+ 58. Kc1 b5 59. Rd7+ Kc4
60. Kb2 b4 61. Rc7+ Kd5 62. Rd7+ Kc5 63. Rc7+ Kd5 64. Rd7+ Kc5 65. Rc7+ Kd5 66.
Rd7+ 1/2-1/2

[Event "Challenge"]
[Site "http://www.queenalice.com/game.php?id=560942"]
[Date "2009.3.24"]
[Round "-"]
[White "elefante266"]
[Black "Landoaldojr"]
[Result "1-0"]
[WhiteElo "1767"]
[BlackElo "1679"]

1. Nf3 Nf6 2. Nc3 Nc6 3. d4 e6 4. a3 d5 5. Bg5 Be7 6. e3 O-O 7. Ne5 Nxe5 8. dxe5
Ne4 9. Nxe4 dxe4 10. Qxd8 Bxd8 11. Bxd8 Rxd8 12. Bc4 Bd7 13. O-O Bc6 14. Rad1
Bd5 15. Be2 a6 16. c4 Bc6 17. Rxd8+ Rxd8 18. Rd1 Re8 19. b4 b5 20. cxb5 Bxb5 21.
Bxb5 axb5 22. f4 f5 23. exf6 gxf6 24. Rd7 c6 25. Rd6 Kf7 26. Rxc6 f5 27. Rc7+
Re7 28. Rxe7+ Kxe7 29. Kf2 Kd6 30. Ke2 Kd5 31. Kd2 Kc4 32. Kc2 h6 33. g3 h5 34.
h3 Kd5 35. Kc3 e5 36. fxe5 Kxe5 37. h4 Kd5 38. Kb3 Kc6 39. a4 bxa4+ 40. Kxa4 Kb6
41. b5 Kb7 42. Ka5 1-0

[Event "Challenge"]
[Site "http://www.queenalice.com/game.php?id=566602"]
[Date "2009.4.4"]
[Round "-"]
[White "Landoaldojr"]
[Black "elefante266"]
[Result "1/2-1/2"]
[WhiteElo "1629"]
[BlackElo "1765"]

1. Nf3 Nc6 2. c3 Nf6 3. Nd4 Nxd4 4. cxd4 d5 5. e3 Bg4 6. Be2 Bxe2 7. Qxe2 c6 8.
O-O e6 9. Nc3 Bb4 10. Na4 Bd6 11. f4 O-O 12. Nc5 Bxc5 13. dxc5 Qa5 14. d4 Ne4
15. Rd1 b5 16. Bd2 Nxd2 17. Qxd2 Qxd2 18. Rxd2 a5 19. b3 a4 20. bxa4 Rxa4 21. a3
f5 22. g3 Rc4 23. Rb2 Ra8 24. Rb3 Raa4 25. Rab1 Rc2 26. Ra1 Kf7 27. h4 Kg6 28.
Rf1 Kh5 29. Rf2 Rxf2 30. Kxf2 Kg4 31. Kg2 Rc4 32. Rb2 Rc3 33. Kf2 1/2-1/2

[Event "Challenge"]
[Site "http://www.queenalice.com/game.php?id=591584"]
[Date "2009.5.21"]
[Round "-"]
[White "codcam"]
[Black "elefante266"]
[Result "0-1"]
[WhiteElo "1234"]
[BlackElo "1760"]

1. e4 e5 2. Qg4 d6 3. Bc4 Bxg4 4. Nc3 Nf6 5. d3 Be7 6. Nf3 Bxf3 7. gxf3 Nh5 8.
Ke2 Nf4+ 9. Kd2 Bh4 10. Rg1 g6 11. b3 Bxf2 12. Rg4 Bd4 13. Ba3 Bxc3+ 14. Kxc3 c5
15. h4 Qa5+ 16. Kb2 b5 17. Bd5 Nxd5 18. exd5 b4 19. Bxb4 cxb4 20. a4 h5 21. Rc4
Qxd5 22. Rc8+ Ke7 23. Rxh8 Na6 24. Rxa8 Qxa8 25. f4 Nc5 26. Re1 Qg2 27. Re3 Qf2
28. Rh3 exf4 29. a5 Qg2 30. d4 Qxh3 31. dxc5 Qc3+ 32. Kc1 f3 33. Kd1 f2 34. Ke2
Qe1+ 35. Kd3 f1=Q+ 36. Kd4 Qe5# 0-1

[Event "Challenge"]
[Site "http://www.queenalice.com/game.php?id=600213"]
[Date "2009.6.8"]
[Round "-"]
[White "codcam"]
[Black "elefante266"]
[Result "0-1"]
[WhiteElo "1490"]
[BlackElo "1762"]

1. e4 e5 2. Nc3 Bb4 3. Nd5 Bd6 4. Qg4 g6 5. d3 h5 6. Qf3 c6 7. Nc3 Bb4 8. Bd2
Bxc3 9. Bxc3 d6 10. d4 Bg4 11. Qg3 Nd7 12. Bc4 f6 13. h3 b5 14. Bb3 exd4 15.
Bxd4 c5 16. hxg4 cxd4 17. gxh5 g5 18. Bxg8 Rxg8 19. Qxd6 Nb6 20. Qc6+ Kf7 21.
Qxb5 Re8 22. f3 g4 23. Qb3+ Kg7 24. h6+ Kg6 25. Rh4 f5 26. g3 Qd6 27. f4 Rxe4+
28. Kd2 Re3 29. Qb5 a6 30. Rxg4+ Kxh6 31. Qxf5 Qb4+ 32. c3 Qxb2+ 33. Qc2 Nc4+
34. Kd1 Qxa1+ 35. Qc1 Re1+ 36. Kxe1 Qxc1+ 37. Kf2 Qd2+ 38. Ne2 Qe3+ 39. Ke1 Qd2+
40. Kf2 d3 41. Rh4+ Kg6 42. f5+ Kxf5 43. Rh1 Qxe2+ 44. Kg1 Ne3 45. Rh5+ Kg6 0-1

[Event "Challenge"]
[Site "http://www.queenalice.com/game.php?id=622593"]
[Date "2009.7.21"]
[Round "-"]
[White "codcam"]
[Black "elefante266"]
[Result "1-0"]
[WhiteElo "1529"]
[BlackElo "1767"]

1. e4 e5 2. Bc4 Nf6 3. Qf3 d6 4. Nh3 Bg4 5. Qb3 d5 6. exd5 Bxh3 7. gxh3 b6 8. d6
Qxd6 9. Bxf7+ Kd8 10. Nc3 c6 11. d3 h6 12. Be3 g5 13. O-O-O Rh7 14. Bg6 Re7 15.
d4 e4 16. d5 c5 17. Nb5 Qe5 18. d6 Rd7 19. Nc7 Rxc7 20. dxc7+ Kxc7 21. Qf7+ Nbd7
22. Rhf1 Be7 23. f4 exf3 24. Rxf3 Rf8 25. Qg7 Bd6 26. Qxh6 Ng4 27. hxg4 Rxf3 28.
Bd2 Qe2 29. Bd3 Qe5 30. Qh7 c4 31. Bxc4 Ba3 32. Qxd7+ Kxd7 33. Bf4+ Qd4 34.
Rxd4+ Kc6 35. bxa3 gxf4 36. Rd1 Kc5 37. Bf7 Rxa3 38. Kb2 Rh3 39. Rf1 Rxh2 40.
Rxf4 Rg2 41. Rf5+ Kd4 42. g5 Ke3 43. g6 Ke4 44. Rh5 1-0

[Event "Challenge"]
[Site "http://www.queenalice.com/game.php?id=644439"]
[Date "2009.8.29"]
[Round "-"]
[White "codcam"]
[Black "elefante266"]
[Result "0-1"]
[WhiteElo "1547"]
[BlackElo "1756"]

1. e4 e5 2. Nc3 Nf6 3. Nf3 Nc6 4. a3 Be7 5. d3 d5 6. exd5 Nxd5 7. Qe2 Nxc3 8.
bxc3 Bg4 9. h3 Bxf3 10. Qxf3 Qd6 11. Qg4 Bf6 12. Be2 Ne7 13. Bg5 Bxg5 14. Qxg5
O-O 15. Rb1 f6 16. Qg4 Qxa3 17. Qc4+ Rf7 18. O-O b6 19. Bh5 g6 20. Bf3 c6 21.
Rfe1 Qd6 22. d4 b5 23. Qb3 Rd8 24. Rbd1 e4 25. Rxe4 Nd5 26. Rde1 Kg7 27. c4 bxc4
28. Qxc4 Re7 29. h4 Rxe4 30. Rxe4 Rb8 31. Qa2 Rb7 32. g3 Kf8 33. Qa6 Rc7 34. h5
f5 35. Rh4 g5 36. Rh1 g4 37. Be2 f4 38. c4 fxg3 39. cxd5 gxf2+ 40. Kxf2 Qf4+ 41.
Kg2 Qe4+ 42. Kh2 g3+ 43. Kg1 Qe3+ 44. Kg2 Qf2+ 45. Kh3 g2 46. Rh2 g1=N+ 47. Kg4
Rg7# 0-1

[Event "Challenge"]
[Site "http://www.queenalice.com/game.php?id=645099"]
[Date "2009.8.31"]
[Round "-"]
[White "Landoaldojr"]
[Black "elefante266"]
[Result "1/2-1/2"]
[WhiteElo "1723"]
[BlackElo "1766"]

1. e3 e5 2. Bd3 Nf6 3. e4 d5 4. exd5 Qxd5 5. Bf1 Bc5 6. Qe2 O-O 7. Nc3 Qd7 8.
Ne4 Nxe4 9. Qxe4 Nc6 10. Bd3 g6 11. Qf3 Nd4 12. Qf6 Re8 13. Ne2 Be7 14. Qxe5
Nxe2 15. Bxe2 Bd6 16. Qc3 b6 17. Qf3 Ba6 18. d3 Bb4+ 19. Bd2 Rxe2+ 20. Kxe2 Re8+
21. Kd1 Be7 22. Re1 c5 23. c4 Bb7 24. Qh3 f5 25. Re5 Qd4 26. Bc3 Qxf2 27. Qg3
Qxg3 28. hxg3 Kf7 29. Re1 Bxg2 30. Kc2 Rd8 31. Re2 Bf3 32. Rf2 Bg4 33. Rh1 h5
34. Re1 Bg5 35. Bd2 Bf6 36. Rh1 Bd4 37. Rfh2 Be5 38. Bf4 Bd4 39. Re1 Bf6 40. Bc7
Rd7 41. Bf4 a6 42. a4 b5 43. cxb5 axb5 44. axb5 Rb7 45. Ra1 Rxb5 46. Ra7+ Ke6
47. Ra6+ Kf7 48. b3 Rb7 49. Bd2 Bf3 50. Bc3 Be7 51. Rf2 Bg4 52. Rf4 g5 53. Rfa4
h4 54. gxh4 gxh4 55. Ra7 Rb6 56. d4 h3 57. Ra1 cxd4 58. Bxd4 h2 59. Rh1 Rh6 60.
Be5 Re6 61. Bxh2 Rh6 62. Ra2 Bf3 63. Rha1 Rxh2+ 64. Kd3 Be4+ 65. Kc4 Rh8 66. Ra7
Rc8+ 67. Kd4 Ke6 68. R1a6+ Bd6 69. b4 Rb8 70. Kc3 Ke5 71. Ra5+ Bd5 72. Ra4 Rc8+
73. Kb2 Ke6 74. R7a6 Bb7 75. Rb6 1/2-1/2

[Event "Challenge"]
[Site "http://www.queenalice.com/game.php?id=671330"]
[Date "2009.10.23"]
[Round "-"]
[White "elefante266"]
[Black "Landoaldojr"]
[Result "1-0"]
[WhiteElo "1772"]
[BlackElo "1627"]

1. e4 e5 2. Nf3 Nc6 3. Bb5 Bd6 4. d4 Nxd4 5. Nxd4 exd4 6. Qxd4 Qf6 7. Qxf6 Nxf6
8. O-O O-O 9. Re1 Be5 10. Be3 a6 11. Bd3 Bxb2 12. Nd2 Bxa1 13. Rxa1 d6 14. c4
Nd7 15. Nf3 Nc5 16. Bc2 Bd7 17. e5 dxe5 18. Nxe5 b6 19. Bxc5 bxc5 20. Nxd7 Rfe8
21. Kf1 Rad8 22. Rd1 Re7 23. Nf6+ gxf6 24. Rxd8+ Kg7 25. Bf5 Re5 26. g4 Kh6 27.
Rh8 Rxf5 28. gxf5 Kg7 29. Rc8 1-0

[Event "Challenge"]
[Site "http://www.queenalice.com/game.php?id=694657"]
[Date "2009.12.8"]
[Round "-"]
[White "Landoaldojr"]
[Black "elefante266"]
[Result "0-1"]
[WhiteElo "1655"]
[BlackElo "1782"]

1. Nf3 Nc6 2. e3 d5 3. Bb5 Qd6 4. Bd3 Bg4 5. Be2 Nf6 6. Nh4 Bxe2 7. Qxe2 g6 8.
O-O Bg7 9. Qf3 O-O 10. Qg3 d4 11. Qxd6 cxd6 12. Na3 dxe3 13. dxe3 Nb4 14. Rd1
Rac8 15. Rd2 Rc5 16. c3 Nbd5 17. Rd3 Rfc8 18. Bd2 e6 19. c4 Ne7 20. Rxd6 Ne4 21.
Rd4 Bxd4 22. exd4 Rh5 23. Nf3 Nxd2 24. Nxd2 Nc6 25. Nf3 Nb4 26. b3 a6 27. Ne5
Rd8 28. Nf3 Ra5 29. Nb1 Rxa2 30. Rxa2 Nxa2 31. Nbd2 g5 32. h3 h5 33. Nxg5 Rxd4
34. Ngf3 Rd3 35. Kf1 f5 36. Ke2 Nc1+ 37. Kf1 Nxb3 38. Nxb3 Rxb3 39. Kg1 a5 40.
Nd4 Rb1+ 41. Kh2 a4 42. Nb5 Rc1 43. Na3 Rc3 44. Nb5 Rxc4 45. Nd6 Rb4 46. f3 a3
0-1

[Event "Challenge"]
[Site "http://www.queenalice.com/game.php?id=840721"]
[Date "2010.10.2"]
[Round "-"]
[White "elefante266"]
[Black "Landoaldojr"]
[Result "1-0"]
[WhiteElo "1793"]
[BlackElo "1824"]

1. e4 e5 2. Nf3 d6 3. Nc3 Nf6 4. d4 exd4 5. Nxd4 Bg4 6. Be2 Bxe2 7. Qxe2 a6 8.
O-O Be7 9. Nf5 O-O 10. Bg5 Nbd7 11. Rad1 h6 12. Bh4 c6 13. Rd3 Ne5 14. Rg3 Neg4
15. Bxf6 Nxf6 16. Rxg7+ Kh8 17. Qe3 Ng4 18. Rxg4 Bg5 19. f4 f6 20. fxg5 hxg5 21.
h4 Rg8 22. Nh6 Rg6 23. Nf7+ 1-0